Kaunda nad Mushala rebellion (Record no. 86132)

MARC details
000 -LEADER
fixed length control field 00649nam a2200217 4500
003 - CONTROL NUMBER IDENTIFIER
control field CBULib
005 - DATE AND TIME OF LATEST TRANSACTION
control field 20250429090442.0
008 - FIXED-LENGTH DATA ELEMENTS--GENERAL INFORMATION
fixed length control field 250429b |||||||| |||| 00| 0 eng d
040 ## - CATALOGING SOURCE
Original cataloging agency CBULib
Language of cataloging English
Transcribing agency CBULib
Description conventions rda
041 ## - LANGUAGE CODE
Language code of text/sound track or separate title eng
050 ## - LIBRARY OF CONGRESS CALL NUMBER
Classification number ZAM JC 328.5.Z2 Wel
100 ## - MAIN ENTRY--PERSONAL NAME
9 (RLIN) 4478
Personal name Wele, Patrick
245 ## - TITLE STATEMENT
Title Kaunda nad Mushala rebellion
Statement of responsibility, etc / by Patrick Wele
260 ## - PUBLICATION, DISTRIBUTION, ETC. (IMPRINT)
Place of publication, distribution, etc Lusaka :
Name of publisher, distributor, etc Multimedia Publications,
Date of publication, distribution, etc 1987
300 ## - PHYSICAL DESCRIPTION
Extent ix, 179 pages : illustrations
336 ## - CONTENT TYPE
Source rdacontent
Content type term Text |
Content type code txt
337 ## - MEDIA TYPE
Source rdamedia
Media type term Unmediated |
Media type code n
338 ## - CARRIER TYPE
Source rdacarrier
Carrier type term Volume
Carrier type code nc
650 #0 - SUBJECT ADDED ENTRY--TOPICAL TERM
9 (RLIN) 4479
Topical term or geographic name as entry element DISSENTERS--ZAMBIA
942 ## - ADDED ENTRY ELEMENTS (KOHA)
Source of classification or shelving scheme
Koha item type ZAMBIANA COLLECTION

No items available.